The apostle of harmony a biography of Chief David Opeyemi Adetunmbi 1919-1990

Guardat en:
Dades bibliogràfiques
Autor principal: ADETUNMBI, Oluseye
Format: Llibre
Idioma:anglès
Publicat: Mindscope Africa Publishers 2018
Etiquetes: Afegir etiqueta
Sense etiquetes, Sigues el primer a etiquetar aquest registre!

MARC

LEADER 00000nam a22000007a 4500
008 210610b ||||| |||| 00| 0 eng d
020 |a 978-978-944-406-9 
100 |a ADETUNMBI, Oluseye. 
245 |a The apostle of harmony  |b a biography of Chief David Opeyemi Adetunmbi 1919-1990  |c Oluseye Adetunmbi  |g iv, 368p; ill. 
260 |b Mindscope Africa Publishers  |c 2018  |h Ifaki-Ekiti  |i 685342  |l DT515.8 .Ad3  |m Adetunmbi, David Opeyemi – Biography – (1919-1990) 
500 |a “It includes index” 
942 |a lcc  |c BK  |e YUNUSA, A.A.  |f 10/6/21 
952 |0 0  |1 0  |2 lcc  |4 0  |6 DT05158 A D3  |7 0  |9 2560  |a HOL  |b HOL  |c AF  |d 2021-06-10  |l 0  |o DT515.8 .Ad3  |p 2021-6411  |r 2021-06-10 00:00:00  |w 2021-06-10  |y BK 
999 |c 1336  |d 1336